| 000 | 01192nam a22003377a 4500 | ||
|---|---|---|---|
| 003 | CHAP | ||
| 005 | 20220329135431.0 | ||
| 008 | 971013s1976 r 00010 d | ||
| 010 | _a36390 | ||
| 011 | _a37362 | ||
| 035 | _a41482 | ||
| 040 | _cCHAP | ||
| 082 |
_a338.9726 _bM49 |
||
| 110 |
_aMéxico. Dirección de Agrología _976930 |
||
| 245 | _aAlgunos aspectos agroeconómicos de la península de Yucatán | ||
| 260 |
_aMéxico, D.F. : _bLa Dirección, _c1976 |
||
| 300 | _a130 p | ||
| 590 |
_aBATCH-UPD _b10 _c20130110 _lUCH01 _h1144 |
||
| 590 |
_aBATCH-UPD _b10 _c20130410 _lUCH01 _h0729 |
||
| 590 |
_aBATCH-UPD _b10 _c20130914 _lUCH01 _h0037 |
||
| 590 |
_aCONVERSION _b10 _c20130109 _lUCH01 _h1320 |
||
| 650 | 1 | 4 |
_aAgricultura _xYucatán. _91902 |
| 650 | 1 | 4 |
_aGanadería _xYucatán. _944861 |
| 650 | 1 | 4 |
_aSilvicultura _xYucatán. _9106130 |
| 650 | 1 | 4 |
_aYucatán _xCondiciones económicas. _9123315 |
| 901 | _aBK | ||
| 942 | _cLIBRO | ||
| 949 |
_a338.9726 M49 _bBC _cLIBRO _d33724000383782 _eLIBRO _fc.2 _h43622 _i41482 _mD _si |
||
| 949 |
_a338.9726 M49 _bBC _cLIBRO _d33724000383824 _eLIBRO _h40463 _i41482 _mD _si |
||
| 949 |
_a338.9726 M49 _bBC _cLIBRO _d33724000409272 _eLIBRO _fc.3 _h48314 _i41482 _mD _si |
||
| 999 |
_c36390 _d36390 |
||